Puerta del Sol / (Record no. 195885)

MARC details
000 -LEADER
campo de control de longitud fija 01728nam a2200385 i 4500
001 - NÚMERO DE CONTROL
campo de control 195885
003 - IDENTIFICADOR DE NÚMERO DE CONTROL
campo de control SpMaBN
005 - FECHA Y HORA DE LA ÚLTIMA TRANSACCIÓN
campo de control 20260319131659.0
008 - DATOS DE LONGITUD FIJA--INFORMACIÓN GENERAL
campo de control de longitud fija 250708s2022 sp a | ||||o000 f spa
017 ## - NÚMERO DE COPYRIGHT O DE DEPÓSITO LEGAL
Número de copyright o de depósito legal V 1905-2022
Agencia que asigna Oficina Depósito Legal Valencia
020 ## - NÚMERO INTERNACIONAL ESTÁNDAR DEL LIBRO
Número Internacional Estándar del Libro 9788477959328
035 ## - NÚMERO DE CONTROL DEL SISTEMA
Número de control de sistema a7188708
040 ## - FUENTE DE CATALOGACIÓN
Centro catalogador/agencia de origen SpMaBN
Lengua de catalogación spa
Centro/agencia transcriptor SpMaBN
Normas de descripción rda
Centro/agencia modificador ES-MaACL
080 ## - NÚMERO DE LA CLASIFICACIÓN DECIMAL UNIVERSAL
Número de la Clasificación Decimal Universal 821.134.2-31"19"
100 0# - ENTRADA PRINCIPAL--NOMBRE DE PERSONA
Nombre de persona Bastid, Ricardo,
Fechas asociadas al nombre 1919-1966
9 (RLIN) 26367
Término indicativo de función/relación Autor
240 10 - TÍTULO UNIFORME
Título uniforme Puerta del Sol
245 10 - MENCIÓN DEL TÍTULO
Título Puerta del Sol /
Mención de responsabilidad, etc. Ricardo Bastid ; reedición y estudio introductorio a cargo de Pablo Allepuz y Óscar Chaves
264 #1 - PRODUCCIÓN, PUBLICACIÓN, DISTRIBUCIÓN, FABRICACIÓN Y COPYRIGHT
Producción, publicación, distribución, fabricación y copyright [València] :
Nombre del de productor, editor, distribuidor, fabricante Diputació de València, Delegaciò de Memòria Histórica,
Fecha de producción, publicación, distribución, fabricación o copyright [2022].
300 ## - DESCRIPCIÓN FÍSICA
Extensión 322 páginas :
Otras características físicas ilustraciones (blanco y negro y color) ;
Dimensiones 24 cm.
336 ## - TIPO DE CONTENIDO
Término de tipo de contenido Texto
-- Imagen fija
Fuente rdacontent
337 ## - TIPO DE MEDIO
Nombre/término del tipo de medio sin mediación
Fuente rdamedia
338 ## - TIPO DE SOPORTE
Nombre/término del tipo de soporte volumen
Fuente rdacarrier
530 ## - NOTA DISPONIBLE DE FORMULARIO FÍSICO ADICIONAL
Nota de formato físico adicional disponible Disponible también en línea
655 #7 - TERMINO DE INDIZACIÓN--GENERO/FORMA
Datos o término principal de género/forma Novelas históricas
Fuente del término tgfbne
9 (RLIN) 226782
655 #7 - TERMINO DE INDIZACIÓN--GENERO/FORMA
Datos o término principal de género/forma Novelas sociales
Fuente del término tgfbne
9 (RLIN) 234402
700 1# - ENTRADA AGREGADA--NOMBRE PERSONAL
Nombre de persona Allepuz, Pablo
9 (RLIN) 175820
Término indicativo de función/relación Editor literario
700 1# - ENTRADA AGREGADA--NOMBRE PERSONAL
Nombre de persona Chaves Amieva, Óscar
9 (RLIN) 175821
Término indicativo de función/relación Editor literario
852 ## - LOCALIZACIÓN
Ubicación ES-MaACL
Sublocalización o colección R.153508
Ubicación en estantería Depósito J
Número de control de estantería N-9002
Donativo/Legado Donación: Óscar Chaves Amieva
Encuadernación Encuadernación rústica
itemnumber 204868
Anotaciones manuscritas Dedicatoria autógrafa de Óscar Chaves Amieva
856 4# - LOCALIZACIÓN Y ACCESO ELECTRÓNICOS
Identificador Uniforme de Recursos <a href="http://memoriahistorica.dival.es/wp-content/uploads/Puerta-del-Sol-de-Ricardo-Bastid-2022.pdf">http://memoriahistorica.dival.es/wp-content/uploads/Puerta-del-Sol-de-Ricardo-Bastid-2022.pdf</a>
Texto de enlace Versión en línea
903 ## - NOMBRE PERSONAL DE DONANTE
a Chaves Amieva, Óscar
e Donante
9 175821
942 ## - ELEMENTOS DE ENTRADA SECUNDARIOS (KOHA)
Tipo de ítem Koha Libro impreso
Suprimir en OPAC No
Holdings
Estatus retirado Estado de pérdida Fuente del sistema de clasificación o colocación Estado de daño No para préstamo Colección Biblioteca de origen Biblioteca actual Ubicación en estantería Fecha de adquisición Fuente de adquisición Total de préstamos Signatura topográfica completa Código de barras Visto por última vez Precio de reemplazo Tipo de ítem Koha
    Clasificación decimal universal     Libros con dedicatorias Biblioteca del Ateneo de Madrid Biblioteca del Ateneo de Madrid Depósito J 23/03/2025 Donación   N-9002 101229716 23/03/2025 23/03/2025 Libro impreso